| 000 | 00910nam a2200277 i 4500 | ||
|---|---|---|---|
| 001 | 000028284 | ||
| 003 | DO-SdBNP | ||
| 005 | 20250811104030.0 | ||
| 007 | ta | ||
| 008 | 110407s2010 dr 000 0 spa d | ||
| 020 | _a9789945473049 | ||
| 040 |
_aDO-SdBNP _bspa _cBNPHU _erda |
||
| 041 | _asp | ||
| 082 |
_axxx _bC766 _222 |
||
| 245 | 0 | 0 | _aConfesión de fe y filosofía ministerial de la iglesia biblica comunitaria de Higüey, República Dominicana. |
| 264 |
_aSanto Domingo : _bJBM _bEditora Santuario, _c2010 |
||
| 300 |
_a113 Páginas : _bilustraciones ; _c22 cm. |
||
| 336 |
_ardacontent _btexto _2txt |
||
| 337 |
_ardamedia _bsin mediación _2n |
||
| 338 |
_ardacarrier _bvolumen _2nc |
||
| 500 | _aIncluye referencias bibliográficas y notas al pie de las páginas | ||
| 590 | _aInventariado, 2025/DG | ||
| 710 | 2 |
_aLa Junta Bíblica Comisionera (JBM) _955281 |
|
| 910 | _aDG | ||
| 942 |
_2ddc _cLBS1 |
||
| 999 |
_c27776 _d27776 |
||